Worst Episodes by IMDB Synopsis Quiz Stats

 Plays Quiz not verified by Sporcle

Support Sporcle.
Go Orange.
Score 0/30 Timer 15:00
0 Plays Today
% Correct
Friends
97.5%
Seinfeld
92.8%
The Big Bang Theory
91.8%
The Flintstones
91.5%
The Simpsons
90.5%
Family Guy
89.6%
How I Met Your Mother
88.8%
Star Trek
79.9%
Avatar: The Last Airbender
79.3%
Futurama
78.6%
The Office
76.5%
Buffy the Vampire Slayer
75.3%
Cheers
74.4%
I Love Lucy
73.6%
Mad Men
72.9%
% Correct
M*A*S*H
68.9%
Star Trek: The Next Generation
68.3%
30 Rock
67.7%
Doctor Who
67.2%
Arrested Development
64.5%
Lost
63.6%
It's Always Sunny in Philadelphia
63.2%
Justice League
61.1%
The Twilight Zone
57.7%
Dexter
53.3%
X-Men
52.4%
American Dad
51.4%
South Park
43.6%
Batman: The Animated Series
35.3%
Scrubs
30.9%

You're not logged in!

Compare scores with friends on all Sporcle quizzes.
OR
Log In
Remove Ads.
Support Sporcle.
Get the best of Sporcle when you Go Orange. This ad-free experience offers more features, more stats, and more fun while also helping to support Sporcle. Thank you for becoming a member.

Show Comments

Extras

Created Sep 21, 2013SourceReportNominate
Tags:episode, imdb, Worst

Top Quizzes Today


Score Distribution

Your Account Isn't Verified!

In order to create a playlist on Sporcle, you need to verify the email address you used during registration. Go to your Sporcle Settings to finish the process.

Report this User

Report this user for behavior that violates our Community Guidelines.

Details: